000 00627nam a2200253 a 4500
003 AR-BaBNM
005 20251128204048.0
008 082120s2002 ||||||||||||||000 | spa||
040 _cAR-BaBNM
100 1 _aMallea, Eduardo
245 0 0 _aFiesta en noviembre
250 _a6ª ed.
260 _aBuenos Aires
_bLosada
_c1979
300 _a168 p.
490 0 _aBiblioteca clásica y contemporánea
650 4 _aLITERATURA ARGENTINA
650 4 _aESCRITORES
650 4 _aLITERATURA CONTEMPORANEA
653 _aNARRATIVA
653 _aNOVELA PSICOLOGICA
655 _aLITERATURA
942 _cBK
998 _cMARTIN
999 _c6009
_d6009